| 000 | 00575nam a22001817a 4500 | ||
|---|---|---|---|
| 005 | 20230918112544.0 | ||
| 010 | _aENG-138079 | ||
| 020 |
_a9789356069534 _c705.00 |
||
| 035 | _aEN-121611 | ||
| 037 | _bDBAD/PUB | ||
| 082 | _a530 | ||
| 245 | _aPearson IIT Foundation Physics 2023 / | ||
| 260 |
_aUttar Pradesh _bPearson India Education Services Pvt. Ltd. _c2023 |
||
| 270 |
_a1st Floor, Berger Tower, Plot No. C-001A/2, Sector 16B _bNoida (Uttar Pradesh) _e201301 |
||
| 300 |
_av.p _c26cm(pbk) |
||
| 500 | _aFor Class 10th | ||
| 942 |
_2ddc _cEN _h530 _mIIT |
||
| 999 |
_c198252 _d198252 |
||